| 000 | 00790nam a2200253 a 4500 | ||
|---|---|---|---|
| 001 | 000024219 | ||
| 005 | 20200930022823.0 | ||
| 008 | 110120s1979 mx r 000 0 spa d | ||
| 020 | _a8437501385 | ||
| 040 |
_aDO-SdBNP _bspa _cBNPHU |
||
| 041 | 1 | 7 |
_aspa _heng _2Código de idiomas MARC |
| 082 |
_annnn _bC346r |
||
| 100 | 1 |
_aCastaneda, Carlos _940292 |
|
| 240 | 1 | 0 |
_aTales of power. _lEspañol |
| 245 | 1 | 0 |
_aRelatos de poder / _cCarlos Castaneda ; traducción de Juan Tovar. |
| 250 | _a3a reimp. | ||
| 260 |
_aMéxico : _bFondo de Cultura Económica, _c1979. |
||
| 300 |
_a384, [3] p. ; _c17 cm. |
||
| 490 | 1 |
_aPopular _v154 |
|
| 534 |
_pTítulo original en inglés: _tTales of power. _c1974 |
||
| 700 | 1 |
_aTovar, Juan, _etr. _924546 |
|
| 830 | 0 |
_aPopular ; _v154 _913374 |
|
| 049 | _aBNGR | ||
| 999 |
_c23713 _d23713 |
||